Implicaciones estructurales e ideológicas del anteproyecto que crea la comunidad económica y social centroamericana

Salvato in:
Dettagli Bibliografici
Autore principale: Reyes, Miguel Angel
Natura: testo
Pubblicazione: Panamá :
Tags: Aggiungi Tag
Nessun Tag, puoi essere il primo ad aggiungerne!!

MARC

LEADER 00000 a a2200000 04500
001 17730
003
040
090 |a 002300  
100 |a Reyes, Miguel Angel  
245 |a Implicaciones estructurales e ideológicas del anteproyecto que crea la comunidad económica y social centroamericana  
260 |a Panamá :  
300 |a 26 p  
999 |c 14128  |d 14128